| 000 | 00626cam a22001934a 4500 | ||
|---|---|---|---|
| 008 | 040407s2004 au a 001 0 eng | ||
| 020 | _a1932180117 | ||
| 020 | _a1932180125 | ||
| 020 | _a9781932180114 | ||
| 020 | _a9781932180121 | ||
| 082 | 0 | 0 |
_a769.56941 _222 |
| 100 | 1 |
_aAlderfer, David, _d1946- |
|
| 245 | 1 | 0 |
_aLinn's introduction to the stamps of Great Britain / _cDavid Alderfer, Larry Rosenblum. |
| 260 |
_aSidney ; _aOhio : _bLinn's Stamp News, _cc2004. |
||
| 490 | 0 | _aLinn's handbook series. | |
| 500 | _aIncludes indexes. | ||
| 650 | 0 |
_aPostage stamps _zGreat Britain |
|
| 700 | 1 |
_aRosenblum, Larry _q(Lawrence David), |
|
| 999 |
_c3706 _d3706 |
||